Dichiarazione sull'aborto procurato.

Kaydedildi:
Detaylı Bibliyografya
Müşterek Yazar: Congregazione per la Dottrina della Fede
Materyal Türü: Kitap
Dil:İtalyanca
Baskı/Yayın Bilgisi: Ciudad del Vaticano, Vaticano Libreria Editrece Vaticana 1998
Seri Bilgileri:Documenti e Studi. 3
Konular:
Etiketler: Etiketle
Etiket eklenmemiş, İlk siz ekleyin!

MARC

LEADER 00000nam a2200000 a 4500
001 UCG0620
003 CL-VaPUC
005 20201208141535.0
008 100401e19980000VC |||||||||||||||||ita|d
999 |c 340180  |d 340178 
020 |a 882092420X 
040 |c Pontificia Universidad Católica de Valparaíso 
082 0 4 |a 262.9 CON 1998  |2 21 
110 2 |a Congregazione per la Dottrina della Fede  |9 548063 
245 1 0 |a Dichiarazione sull'aborto procurato. 
260 0 3 |a Ciudad del Vaticano, Vaticano  |b Libreria Editrece Vaticana  |c 1998 
300 |a 141 páginas. 
490 0 |a Documenti e Studi.  |v 3 
583 |a last modification  |c 20130325 06:04:34  |k Rodrigo Vera 
650 7 |a DERECHO CANONICO  |2 CL-VaPUC  |9 548064 
650 0 |a Aborto  |9 256680 
650 7 |a DOCUMENTOS PASTORALES  |2 CL-VaPUC  |9 548065 
942 |c BK  |2 ddc 
945 |d 20100401 00:00:00  |a rbrito 
952 |0 0  |1 0  |2 ddc  |4 0  |6 262_900000000000000_CON_1998  |7 0  |8 DER_HDC  |9 434718  |a BIBDER  |b BIBDER  |d 2019-11-22  |i 4656628  |l 1  |o 262.9 CON 1998  |p 4656628  |r 2023-01-25  |s 2020-03-19  |t 1  |w 2019-11-22  |x Ubicación 4to Piso  |y BK  |z Estos recursos deben solicitarse con anticipación  |k DER